000 00236nam a22001097a 4500
008 170113b xxu||||| |||| 00| 0 eng d
020 _a0916730417
041 _aeng
080 _a618.2
245 _aPRACTICES
_cWEST, R.S
942 _2udc
_cBK
999 _c2893
_d2893